|
|
|
|
| LEADER |
00000nam0a2200000 4500 |
| 001 |
4689 |
| 005 |
20231030175207.0 |
| 010 |
|
|
|a 5887821124
|
| 035 |
|
|
|a (RuTPU)RU\TPU\book\4713
|
| 035 |
|
|
|a BOOK00004736
|
| 090 |
|
|
|a 4689
|
| 100 |
|
|
|a 20011209d1996 m y0rusy50 ca
|
| 101 |
1 |
|
|a rus
|c eng
|
| 102 |
|
|
|a RU
|
| 105 |
|
|
|a y z 000zy
|
| 200 |
1 |
|
|a Имидж - путь к успеху
|e Практическое пособие для мужчин и женщин
|e пер. с англ.
|f Л. Браун
|
| 210 |
|
|
|a СПб.
|c Питер Пресс
|d 1997
|
| 215 |
|
|
|a 288 с.
|
| 225 |
1 |
|
|a Сам себе психолог
|
| 300 |
|
|
|a На обороте тит. листа вых. данные 1996 г.
|
| 610 |
1 |
|
|a психология
|
| 610 |
1 |
|
|a социальная психология
|
| 610 |
1 |
|
|a общение
|
| 610 |
1 |
|
|a имидж
|
| 610 |
1 |
|
|a успех
|
| 610 |
1 |
|
|a публичные выступления
|
| 610 |
1 |
|
|a общение с преподавателем
|
| 686 |
|
|
|a Ю953
|v LBC/SL-A
|2 rubbk
|
| 700 |
|
1 |
|a Браун
|b Л.
|g Лилиан
|
| 801 |
|
0 |
|a RU
|b 63413507
|c 20011209
|g PSBO
|
| 801 |
|
2 |
|a RU
|b 63413507
|c 20170427
|g PSBO
|
| 900 |
|
|
|a Имиджелогия
|
| 942 |
|
|
|c BK
|